000 00606nam a2200217Ii 4500
003 JO-AjNU
008 230606s9999||||xx |||||||||||||| ||und||
020 _a978-0-07-183145-1
040 _aJO-AjNU
_beng
_erda
_cJO-AjNU
041 _aeng
050 1 4 _aQA901.2014
100 3 _aLiu,cheng …ect,
_eauthor
_94257
245 0 0 _aFluid Mechanics and Hydraulics
250 _a4 ed
264 3 1 _aLondon:Mcgraw hill,2014
300 _a362p
336 _atext
_btxt
_2rdacontent
337 _aunmediated
_bn
_2rdamedia
338 _avolume
_bnc
_2rdacarrier
650 4 _aFluid Mechanics and Hydraulics
_94258
999 _aE2214
_c2212
_d2212